| 000 | 01422nam0a2200337 4500 | ||
|---|---|---|---|
| 001 | RU\NLR\bibl\502190 | ||
| 005 | 20260406160806.0 | ||
| 010 |
_a5-98032-366-X _bв пер. _95000 |
||
| 021 |
_aRU _b2003-68889 _93404 |
||
| 035 | _aRSL-KNO-002392350 | ||
| 035 | _a(NLR Aleph) 000494776 | ||
| 090 |
_a1136257 _c1136257 |
||
| 100 | _a20031208d2004 |||y0rusy50 ca | ||
| 101 | 0 | _arus | |
| 102 | _aRU | ||
| 105 | _ay ||||||||| | ||
| 106 | _ar | ||
| 200 | 1 |
_aУголовный процесс России _eУчеб. пособие _fБ.Т. Безлепкин |
|
| 205 | _a2. изд., перераб. и доп. | ||
| 210 |
_aМ. _cПроспект _d2004 _eСПб. : ГПП Печ. Двор |
||
| 215 |
_a478 с. _d22 |
||
| 606 | 0 |
_aУголовный процесс _jРуководства, пособия и т.п. _yРоссийская Федерация _92078728 _3RU\NLR\auth\661254592 |
|
| 606 | 0 |
_aУголовный процесс _jУчебные издания для высших учебных заведений _yРоссийская Федерация _92078728 _3RU\NLR\auth\661254592 |
|
| 686 | _aХ629.3я73 | ||
| 700 | 1 |
_4070 _8rus _7ca _aБезлепкин _bБ. Т. _f1940- _gБорис Тимофеевич _3RU\NLR\AUTH\778395 _9118303 |
|
| 801 | 0 |
_aRU _bRuMoRKP _c20031208 _gPSBO |
|
| 801 | 1 |
_aRU _bRuMoRKP _c20031208 |
|
| 801 | 2 |
_aRU _bNLR _c20040318 _gPSBO |
|
| 942 | _cBOOK | ||
| 980 | _aNB | ||